15 Największych miast w Azji Południowej - Statystyki

Ogólne statystyki
  • Ten quiz został rozwiązany 23 razy
  • Średni wynik to 8 z 15
Odpowiedzi na mapie
Odpowiedzi zakodowano w zielono-czerwonej skali na mapie do tego quizu, zgodnie z poniższymi procentami.
 
Statystyki odpowiedzi
Państwo Miasto Populacja % Poprawnych
Indie Mumbaj 12,5 mln
100%
Indie Delhi 11 mln
92%
Afganistan Kabul 4,4 mln
85%
Indie Kolkata 4,5 mln
85%
Bangladesz Dhaka 10 mln
77%
Pakistan Karaczi 18,8 mln
77%
Indie Ćennaj 4,7 mln
62%
Indie Bengaluru 10,5 mln
54%
Pakistan Lahaur 13 mln
54%
Indie Hajdarabad 6,8 mln
38%
Indie Ahmadabad 5,5 mln
31%
Pakistan Fajsalabad 3,7 mln
31%
Indie Pune 3,1 mln
15%
Pakistan Rawalpindi 3,4 mln
15%
Indie Surat 4,4 mln
15%
Nie znaleziono quizów pasujących do podanych kryteriów
Rozkład punktacji
Procent ludzi z każdym wynikiem
Percentyl według liczby udzielonych odpowiedzi
Twoja historia wyników
Nie rozwiązałeś tego quizu